000 00804nam a2200265Ia 4500
003 OSt
005 20220930072746.0
006 a|||||r|||| 00| 0
007 ta
008 220926b |||||||| |||| 00| 0 eng d
024 _a24878
037 _cTheses
040 _aCRL
_cCRL
_beng
041 _2eng
_aeng
100 _aSharma Shalini
_9375228
110 _aUniversity of Delhi. Faculty of Medical Sciences. Department of Medicine
245 0 _aClinical profile of liver metastasis
260 _c1998
300 _a80p.
_ap.
_ccm.
650 _aMEDICINE
700 _a Dr M P Jaiprakash Supervisor
_9530380
700 _aUniversity of Delhi. Faculty of Medical Sciences. Department of Medicine
942 _cDIS
_2CC
999 _c864280
_d864280